[Event "Monarch Assurance Isle of Man 14th"]
[Site "Port Erin IOM"]
[Date "2005.09.30"]
[Round "7.16"]
[White "Negi, Parimarjan"]
[Black "Sulskis, Sarunas"]
[Result "1-0"]
[WhiteElo "2376"]
[BlackElo "2535"]
[PlyCount "95"]
[EventDate "2005.09.24"]
[EventType "swiss"]
[EventRounds "9"]
[EventCountry "IOM"]

1. e4 e5 2. Nf3 Nc6 3. Bb5 a6 4. Ba4 Nf6 5. O-O Be7 6. Re1 b5 7. Bb3 d6 8. c3
O-O 9. d4 Bg4 10. d5 Na5 11. Bc2 c6 12. h3 Bh5 13. dxc6 Qc7 14. Nbd2 Qxc6 15.
Nf1 Nc4 16. Ng3 Bg6 17. a4 Rad8 18. Nh4 d5 19. Nhf5 Bc5 20. Qf3 dxe4 21. Nxe4
Nxe4 22. Bxe4 Qc7 23. Qe2 b4 24. Bg5 bxc3 25. Bxd8 Rxd8 26. Rad1 Rxd1 27. Rxd1
Bxf5 28. Bxf5 g6 29. Bc2 cxb2 30. Bb3 Na5 31. Qxb2 Qb6 32. Rb1 Nxb3 33. Qxb3
Bxf2+ 34. Kf1 Qc5 35. Qb4 a5 36. Qxc5 Bxc5 37. Rb5 Bb4 38. Rxe5 h5 39. Ke2 Kg7
40. Kd3 f5 41. Re6 h4 42. Kd4 Kf7 43. Rc6 Be1 44. Rc1 Bd2 45. Rc7+ Kf6 46. Rc6+
Kg5 47. Ke5 Be1 48. Rc4 1-0

[Event "Monarch Assurance Isle of Man 14th"]
[Site "Port Erin IOM"]
[Date "2005.09.30"]
[Round "7.18"]
[White "Sundararajan, Kidambi"]
[Black "Zimmerman, Yuri"]
[Result "1/2-1/2"]
[WhiteElo "2484"]
[BlackElo "2375"]
[PlyCount "80"]
[EventDate "2005.09.24"]
[EventType "swiss"]
[EventRounds "9"]
[EventCountry "IOM"]

1. d4 Nf6 2. c4 g6 3. Nc3 Bg7 4. e4 d6 5. Nf3 O-O 6. Be2 e5 7. Be3 Ng4 8. Bg5
f6 9. Bh4 g5 10. Bg3 Nh6 11. dxe5 dxe5 12. Qd5+ Nf7 13. O-O-O Qe7 14. h4 c6 15.
Qa5 Na6 16. hxg5 fxg5 17. Ne1 Nc5 18. Qa3 Re8 19. Kb1 Ne6 20. Qxe7 Rxe7 21. Bg4
Nf4 22. Bxc8 Rxc8 23. f3 Rd8 24. Rxd8+ Nxd8 25. Bf2 b6 26. Be3 h6 27. Kc2 Nde6
28. g3 Ng6 29. Ne2 Rf7 30. b3 Bf8 31. Nc1 Kg7 32. Ncd3 Be7 33. Nf2 Bb4 34. Nfd3
Be7 35. Kd1 Rf8 36. Ke2 Rh8 37. Rh5 Kf7 38. Nc2 Bd6 39. Nf2 Ng7 40. Rh1 Ne6
1/2-1/2

[Event "Monarch Assurance Isle of Man 14th"]
[Site "Port Erin IOM"]
[Date "2005.09.30"]
[Round "7.19"]
[White "Goletiani, Rusudan"]
[Black "Neubauer, Martin"]
[Result "0-1"]
[WhiteElo "2332"]
[BlackElo "2468"]
[PlyCount "57"]
[EventDate "2005.09.24"]
[EventType "swiss"]
[EventRounds "9"]
[EventCountry "IOM"]

1. Nf3 g6 2. c4 Bg7 3. d4 Nf6 4. Nc3 d5 5. Qa4+ Bd7 6. Qb3 dxc4 7. Qxc4 O-O 8.
e4 b5 9. Qb3 c5 10. dxc5 Na6 11. e5 Ng4 12. Bf4 Nxc5 13. Qd5 Qb6 14. Qd2 Bc6
15. h3 Rfd8 16. Qc2 Bxf3 17. hxg4 Bxg4 18. Bxb5 Bf5 19. Qc1 Bd3 20. Ba4 Qa6 21.
Bd1 Bf1 22. Bc2 Bxg2 23. Rg1 Bf3 24. Rg3 Nd3+ 25. Bxd3 Rxd3 26. Qc2 Rad8 27.
Be3 Qc6 28. Rg5 h6 29. Rg1 0-1

[Event "Monarch Assurance Isle of Man 14th"]
[Site "Port Erin IOM"]
[Date "2005.09.30"]
[Round "7.20"]
[White "Sareen, Vishal"]
[Black "Palliser, Richard"]
[Result "0-1"]
[WhiteElo "2385"]
[BlackElo "2389"]
[PlyCount "62"]
[EventDate "2005.09.24"]
[EventType "swiss"]
[EventRounds "9"]
[EventCountry "IOM"]

1. e4 c5 2. Nc3 d6 3. Nf3 Nf6 4. d4 cxd4 5. Nxd4 a6 6. Be2 e5 7. Nb3 Be7 8. Bg5
Be6 9. Bxf6 Bxf6 10. Nd5 Bg5 11. O-O O-O 12. c4 Nd7 13. Qd3 Rc8 14. Rfd1 g6 15.
g3 Bh6 16. Bf1 Kh8 17. Nc1 f5 18. exf5 Bxf5 19. Qe2 e4 20. Ne3 Ne5 21. Nxf5
gxf5 22. Nb3 Qf6 23. Rd5 f4 24. Rad1 Nd3 25. Qxe4 Nxf2 26. Kxf2 fxg3+ 27. Kxg3
Qf2+ 28. Kg4 Rf4+ 29. Qxf4 Qxf4+ 30. Kh3 Qf3+ 31. Kh4 Rg8 0-1

[Event "Monarch Assurance Isle of Man 14th"]
[Site "Port Erin IOM"]
[Date "2005.09.30"]
[Round "7.21"]
[White "Mirzoeva, Elmira"]
[Black "Fridman, Daniel"]
[Result "0-1"]
[WhiteElo "2223"]
[BlackElo "2566"]
[PlyCount "64"]
[EventDate "2005.09.24"]
[EventType "swiss"]
[EventRounds "9"]
[EventCountry "IOM"]

1. b3 e5 2. Bb2 Nc6 3. e3 Nf6 4. c4 d5 5. cxd5 Nxd5 6. a3 Bd6 7. d3 O-O 8. Nf3
Bg4 9. Be2 f5 10. O-O Qf6 11. b4 Kh8 12. b5 Nce7 13. Nbd2 Qh6 14. d4 exd4 15.
Bxd4 c5 16. Bb2 c4 17. Be5 Nxe3 18. fxe3 Bxe5 19. Nxe5 Qxe3+ 20. Kh1 Bxe2 21.
Re1 Qxe5 22. Rxe2 Qc5 23. Nxc4 Rad8 24. Qb3 Ng6 25. Rae1 Nf4 26. Re3 Qd5 27.
Rf3 Rfe8 28. Rxe8+ Rxe8 29. h3 Re1+ 30. Kh2 Re2 31. Na5 Rxg2+ 32. Kh1 Qd2 0-1

[Event "Monarch Assurance Isle of Man 14th"]
[Site "Port Erin IOM"]
[Date "2005.09.30"]
[Round "7.22"]
[White "Peric, Slavisa"]
[Black "Yakovich, Yuri"]
[Result "0-1"]
[WhiteElo "2280"]
[BlackElo "2560"]
[PlyCount "58"]
[EventDate "2005.09.24"]
[EventType "swiss"]
[EventRounds "9"]
[EventCountry "IOM"]

1. d4 Nf6 2. Nf3 d5 3. Bf4 c5 4. e3 Nc6 5. c3 Qb6 6. Qb3 c4 7. Qc2 Bf5 8. Qc1
e6 9. Nbd2 Be7 10. h3 h6 11. Be2 O-O 12. O-O Qd8 13. Ne5 Nxe5 14. Bxe5 b5 15.
a3 a5 16. Re1 Bg6 17. Bf3 Nd7 18. Bh2 f5 19. g4 Bh4 20. Bg3 Rf7 21. Qd1 Qe7 22.
Bg2 Bxg3 23. fxg3 fxg4 24. Qxg4 Bf5 25. Qh5 Nf6 26. Qd1 Qd6 27. e4 Nxe4 28.
Nxe4 Bxe4 29. Bxe4 Qxg3+ 0-1

[Event "Monarch Assurance Isle of Man 14th"]
[Site "Port Erin IOM"]
[Date "2005.09.30"]
[Round "7.23"]
[White "Duhayon, Yves"]
[Black "Ulibin, Mikhail"]
[Result "0-1"]
[WhiteElo "2230"]
[BlackElo "2529"]
[PlyCount "76"]
[EventDate "2005.09.24"]
[EventType "swiss"]
[EventRounds "9"]
[EventCountry "IOM"]

1. Nf3 c5 2. c4 Nf6 3. Nc3 e6 4. g3 b6 5. Bg2 Bb7 6. O-O Be7 7. b3 O-O 8. Bb2
d5 9. Ne5 Nbd7 10. f4 Qc7 11. cxd5 exd5 12. e3 Rad8 13. d4 a6 14. g4 Nxe5 15.
fxe5 Ne4 16. Nxe4 dxe4 17. Qc2 Bg5 18. Rae1 Qc6 19. Kh1 Rc8 20. Ba3 Qg6 21.
dxc5 Be7 22. b4 Qxg4 23. Rf4 Qe6 24. Bxe4 Bxe4+ 25. Rxe4 a5 26. Qc4 axb4 27.
Qxe6 fxe6 28. Bxb4 bxc5 29. Bc3 Rf2 30. a4 Rc2 31. Rc4 Rf8 32. Rd1 Rff2 33. a5
Rxh2+ 34. Kg1 h5 35. Be1 Rcg2+ 36. Kf1 g5 37. a6 Ra2 38. Rd2 Rhxd2 0-1

[Event "Monarch Assurance Isle of Man 14th"]
[Site "Port Erin IOM"]
[Date "2005.09.30"]
[Round "7.24"]
[White "Allen, Keith"]
[Black "Neelotpal, Das"]
[Result "0-1"]
[WhiteElo "2210"]
[BlackElo "2467"]
[PlyCount "66"]
[EventDate "2005.09.24"]
[EventType "swiss"]
[EventRounds "9"]
[EventCountry "IOM"]

1. d4 Nf6 2. c4 e6 3. Nc3 Bb4 4. Qc2 O-O 5. a3 Bxc3+ 6. Qxc3 d6 7. g3 e5 8. Bg5
h6 9. dxe5 dxe5 10. Bxf6 Qxf6 11. Nf3 Nc6 12. Bg2 Rd8 13. O-O Bg4 14. h3 Bh5
15. g4 Bg6 16. Rad1 a5 17. b4 axb4 18. axb4 Be4 19. Qe3 Bxf3 20. Bxf3 Nd4 21.
Bxb7 Rab8 22. Be4 Rxb4 23. Bd3 Ne6 24. Rb1 Rxb1 25. Rxb1 g6 26. Rb5 c5 27. Rb6
Kg7 28. Rc6 Rd4 29. Kf1 e4 30. Bxe4 Rxc4 31. f3 {(=)} Qe5 32. Ke1 Nd4 33. Kd1
Nxc6 0-1

[Event "Monarch Assurance Isle of Man 14th"]
[Site "Port Erin IOM"]
[Date "2005.09.30"]
[Round "7.25"]
[White "Kunin, Vitaly"]
[Black "Hanley, Craig A"]
[Result "1-0"]
[WhiteElo "2448"]
[BlackElo "2367"]
[PlyCount "59"]
[EventDate "2005.09.24"]
[EventType "swiss"]
[EventRounds "9"]
[EventCountry "IOM"]

1. d4 Nf6 2. c4 g6 3. Nc3 Bg7 4. e4 d6 5. Nge2 O-O 6. Ng3 e5 7. d5 a5 8. Be2
Na6 9. h4 Nc5 10. h5 c6 11. Be3 cxd5 12. cxd5 Qb6 13. Qd2 Bd7 14. Kf1 Rac8 15.
Kg1 Qb4 16. Rf1 Na4 17. Nxa4 Qxa4 18. b3 Qa3 19. Bh6 Qc5 20. Qg5 Bxh6 21. Qxh6
Qd4 22. Rh4 Rc7 23. Qg5 Ne8 24. hxg6 fxg6 25. Nf5 Bxf5 26. exf5 Qb2 27. Bg4 Nf6
28. fxg6 Qxa2 29. Be6+ Kh8 30. Rc4 1-0

[Event "Monarch Assurance Isle of Man 14th"]
[Site "Port Erin IOM"]
[Date "2005.09.30"]
[Round "7.26"]
[White "Smith, Andrew P"]
[Black "Greet, Andrew N"]
[Result "0-1"]
[WhiteElo "2204"]
[BlackElo "2425"]
[PlyCount "60"]
[EventDate "2005.09.24"]
[EventType "swiss"]
[EventRounds "9"]
[EventCountry "IOM"]

1. d4 Nf6 2. c4 e6 3. Nc3 Bb4 4. g3 c5 5. Nf3 cxd4 6. Nxd4 O-O 7. Bg2 d5 8.
cxd5 Nxd5 9. Bd2 Bxc3 10. bxc3 e5 11. Nb3 Nc6 12. O-O Nde7 13. c4 Qc7 14. Bc3
Rd8 15. Qc2 Be6 16. Bb2 Rac8 17. Rfc1 b6 18. Qe4 f6 19. g4 Ng6 20. e3 Qf7 21.
Bf1 f5 22. gxf5 Bxf5 23. Qg2 Nh4 24. Qg3 Qh5 25. c5 Be4 26. Bc4+ Kh8 27. Kf1
Nf5 28. Qg1 Qf3 29. Ke1 Nh4 30. Qg5 Qh1+ 0-1

[Event "Monarch Assurance Isle of Man 14th"]
[Site "Port Erin IOM"]
[Date "2005.09.30"]
[Round "7.27"]
[White "Dworakowska, Joanna"]
[Black "Radovanovic, Jovica"]
[Result "1/2-1/2"]
[WhiteElo "2401"]
[BlackElo "2357"]
[PlyCount "39"]
[EventDate "2005.09.24"]
[EventType "swiss"]
[EventRounds "9"]
[EventCountry "IOM"]

1. e4 e5 2. Nf3 Nc6 3. d4 exd4 4. Nxd4 Bb4+ 5. c3 Bc5 6. Be3 Bb6 7. h4 Nf6 8.
Nxc6 bxc6 9. e5 Nd5 10. Bxb6 Nxb6 11. Bd3 Qe7 12. Qe2 d6 13. exd6 Qxe2+ 14.
Bxe2 cxd6 15. Nd2 O-O 16. O-O-O d5 17. Nb3 Re8 18. Bd3 Nd7 19. Bc2 Bb7 20. Rhe1
1/2-1/2

[Event "Monarch Assurance Isle of Man 14th"]
[Site "Port Erin IOM"]
[Date "2005.09.30"]
[Round "7.28"]
[White "Roeder, Mathias"]
[Black "Spence, David J"]
[Result "1-0"]
[WhiteElo "2393"]
[BlackElo "2218"]
[PlyCount "79"]
[EventDate "2005.09.24"]
[EventType "swiss"]
[EventRounds "9"]
[EventCountry "IOM"]

1. Nf3 Nf6 2. c4 e6 3. d4 b6 4. Nc3 Bb7 5. a3 d5 6. cxd5 Nxd5 7. Qc2 Nxc3 8.
Qxc3 Be7 9. Bf4 Bd6 10. Bg5 f6 11. Bh4 O-O 12. e3 Nd7 13. Bc4 Qe7 14. O-O Kh8
15. Bg3 Bxg3 16. hxg3 c5 17. Rfd1 e5 18. dxe5 fxe5 19. Bb5 Rad8 20. Bxd7 Rxf3
21. gxf3 Bxf3 22. Bg4 Bxg4 23. Qxe5 Qf8 24. Rxd8 Qxd8 25. Qe4 Be2 26. Qc2 Bf3
27. Qf5 Qa8 28. Re1 Be4 29. Qe6 h6 30. g4 Bd5 31. Qe5 Bf3 32. Qf4 Be4 33. g5
hxg5 34. Qxg5 c4 35. Kh2 Qb8+ 36. Qg3 Qe8 37. f3 Bd3 38. Rg1 Qf7 39. Qe5 Kg8
40. Rg5 1-0

[Event "Monarch Assurance Isle of Man 14th"]
[Site "Port Erin IOM"]
[Date "2005.09.30"]
[Round "7.29"]
[White "Gupta, Abhijeet"]
[Black "Henrichsen, Jens"]
[Result "1-0"]
[WhiteElo "2380"]
[BlackElo "2075"]
[PlyCount "67"]
[EventDate "2005.09.24"]
[EventType "swiss"]
[EventRounds "9"]
[EventCountry "IOM"]

1. d4 Nf6 2. c4 e6 3. Nf3 b6 4. a3 Bb7 5. Nc3 d5 6. cxd5 Nxd5 7. Qc2 c5 8. e4
Nxc3 9. bxc3 Be7 10. Bb5+ Bc6 11. Bd3 Nd7 12. O-O cxd4 13. cxd4 Rc8 14. Qe2 Bb7
15. Bb2 O-O 16. Rad1 Qc7 17. Rfe1 Bf6 18. Bb1 Qc4 19. Qe3 Qb5 20. Ba1 Qa4 21.
h4 g6 22. h5 Rfd8 23. Ng5 Qa5 24. e5 Bxg5 25. Qxg5 Qxa3 26. hxg6 fxg6 27. Bxg6
hxg6 28. Qxg6+ Kf8 29. Rd3 Qe7 30. Rg3 Qf7 31. Qh6+ Ke7 32. Rg7 Rh8 33. Qg6
Rcf8 34. Bb2 1-0

[Event "Monarch Assurance Isle of Man 14th"]
[Site "Port Erin IOM"]
[Date "2005.09.30"]
[Round "7.30"]
[White "Peek, Marcel"]
[Black "Hughes, Howard R"]
[Result "1-0"]
[WhiteElo "2373"]
[BlackElo "2194"]
[PlyCount "65"]
[EventDate "2005.09.24"]
[EventType "swiss"]
[EventRounds "9"]
[EventCountry "IOM"]

1. d4 e6 2. c4 f5 3. g3 Nf6 4. Bg2 Be7 5. Nf3 d6 6. O-O O-O 7. b4 Qe8 8. Bb2
Nc6 9. b5 Nd8 10. Nbd2 Qh5 11. e3 Nf7 12. a4 g5 13. Ne1 Qh6 14. Nd3 e5 15. dxe5
dxe5 16. Nxe5 Nxe5 17. Bxe5 Ng4 18. Nf3 Nxe5 19. Nxe5 Rd8 20. Qb3 Be6 21. Rad1
Rxd1 22. Rxd1 Bd6 23. Qc3 Qg7 24. f4 Rb8 25. c5 Bxe5 26. fxe5 b6 27. Bd5 Qf7
28. Qc4 Bxd5 29. Qxd5 Re8 30. c6 Qxd5 31. Rxd5 Kf7 32. Rd7+ Re7 33. e4 1-0

[Event "Monarch Assurance Isle of Man 14th"]
[Site "Port Erin IOM"]
[Date "2005.09.30"]
[Round "7.31"]
[White "Bosboom-Lanchava, T."]
[Black "Kirschbaum, Gunnar"]
[Result "1-0"]
[WhiteElo "2363"]
[BlackElo "2204"]
[PlyCount "45"]
[EventDate "2005.09.24"]
[EventType "swiss"]
[EventRounds "9"]
[EventCountry "IOM"]

1. d4 Nf6 2. c4 g6 3. Nc3 Bg7 4. e4 d6 5. Nf3 O-O 6. Be2 e5 7. d5 a5 8. h4 Nh5
9. g3 f5 10. Ng5 Nf6 11. h5 Na6 12. Be3 Nc5 13. hxg6 hxg6 14. exf5 gxf5 15. Qd2
b6 16. f3 Qe7 17. O-O-O a4 18. Rh4 a3 19. b3 Na6 20. Rdh1 Nb4 21. Bf1 Ng4 22.
fxg4 f4 23. Nce4 1-0

[Event "Monarch Assurance Isle of Man 14th"]
[Site "Port Erin IOM"]
[Date "2005.09.30"]
[Round "7.32"]
[White "Adams, Phil"]
[Black "Mannion, Stephen"]
[Result "0-1"]
[WhiteElo "2138"]
[BlackElo "2331"]
[PlyCount "100"]
[EventDate "2005.09.24"]
[EventType "swiss"]
[EventRounds "9"]
[EventCountry "IOM"]

1. e4 e5 2. Nf3 Nc6 3. Bb5 a6 4. Ba4 Nf6 5. O-O Be7 6. Re1 b5 7. Bb3 d6 8. c3
O-O 9. d4 Bg4 10. d5 Na5 11. Bc2 c6 12. h3 Bc8 13. dxc6 Qc7 14. Nbd2 Qxc6 15.
Nf1 Nc4 16. Ng3 Re8 17. a4 Be6 18. Ng5 Bd7 19. Qe2 h6 20. Nf3 Bf8 21. Bd3 Nb6
22. a5 Na4 23. Bc2 Nc5 24. Nh4 g6 25. Qf3 Nh7 26. Qe2 Rac8 27. Nf3 Qb7 28. Bd2
Bc6 29. b4 Ne6 30. Rad1 Nf4 31. Qf1 Nf6 32. Kh2 d5 33. Nxe5 Nxg2 34. Qxg2 Rxe5
35. f4 Ree8 36. e5 d4 37. Qg1 dxc3 38. Bc1 Nd5 39. Ne4 Nxb4 40. Nf6+ Kh8 41.
Bxg6 fxg6 42. Rd7 Bxd7 43. Qxg6 Be6 44. Nxe8 Qf7 45. Qxf7 Bxf7 46. Nd6 Bxd6 47.
exd6 Rd8 48. Re7 Kg8 49. Ba3 Nd5 50. Ra7 b4 0-1

[Event "Monarch Assurance Isle of Man 14th"]
[Site "Port Erin IOM"]
[Date "2005.09.30"]
[Round "7.33"]
[White "Zozulia, Anna"]
[Black "Lohou, Stephane"]
[Result "1-0"]
[WhiteElo "2314"]
[BlackElo "2144"]
[PlyCount "93"]
[EventDate "2005.09.24"]
[EventType "swiss"]
[EventRounds "9"]
[EventCountry "IOM"]

1. e4 c5 2. Nf3 e6 3. d4 cxd4 4. Nxd4 a6 5. Nc3 b5 6. Bd3 Qb6 7. Nb3 Qc7 8. O-O
Bb7 9. f4 Nf6 10. Qe2 b4 11. Nd1 Be7 12. Nf2 g6 13. Bd2 Nc6 14. Rac1 a5 15. c3
a4 16. Nd4 bxc3 17. Bxc3 Qb6 18. Nxc6 Bxc6 19. Kh1 O-O 20. f5 exf5 21. exf5
Rae8 22. Ng4 Nxg4 23. Qxg4 Bd5 24. Bd4 h5 25. Qf4 Qd6 26. Qf2 Rc8 27. f6 Rxc1
28. Rxc1 Bd8 29. Bc5 Qxf6 30. Qxf6 Bxf6 31. Bxf8 Kxf8 32. Rc8+ Ke7 33. Bc2 Bc6
34. b4 axb3 35. Bxb3 Bd4 36. a4 f5 37. a5 h4 38. h3 Kf6 39. Bd1 Be4 40. Bf3 d5
41. a6 Ke5 42. Rg8 Bc5 43. Rg7 d4 44. Bxe4 fxe4 45. Rc7 Kd6 46. Rxc5 d3 47. Rc8
1-0

[Event "Monarch Assurance Isle of Man 14th"]
[Site "Port Erin IOM"]
[Date "2005.09.30"]
[Round "7.34"]
[White "Grant, Alan"]
[Black "Vitoux, Colomban"]
[Result "0-1"]
[WhiteElo "2152"]
[BlackElo "2264"]
[PlyCount "44"]
[EventDate "2005.09.24"]
[EventType "swiss"]
[EventRounds "9"]
[EventCountry "IOM"]

1. e3 e6 2. f4 f5 3. Nf3 Nf6 4. Be2 b6 5. b3 Bb7 6. Bb2 g6 7. O-O Bg7 8. a4 O-O
9. Na3 d6 10. Nc4 Nbd7 11. a5 b5 12. a6 Bxf3 13. Bxf3 bxc4 14. Bxa8 Qxa8 15.
bxc4 Qe4 16. Bd4 c5 17. d3 Qc6 18. Bc3 e5 19. Qd2 Re8 20. Rfb1 Nb6 21. fxe5 Ng4
22. exd6 Bh6 0-1

[Event "Monarch Assurance Isle of Man 14th"]
[Site "Port Erin IOM"]
[Date "2005.09.30"]
[Round "7.35"]
[White "Fraser-Mitchell, Jeremy"]
[Black "Groffen, Hans"]
[Result "1-0"]
[WhiteElo "2098"]
[BlackElo "2210"]
[PlyCount "73"]
[EventDate "2005.09.24"]
[EventType "swiss"]
[EventRounds "9"]
[EventCountry "IOM"]

1. d4 Nf6 2. c4 c5 3. d5 e5 4. Nc3 d6 5. e4 Be7 6. Nf3 O-O 7. Bd3 Nbd7 8. h4 h5
9. Ng5 g6 10. Bd2 Kg7 11. Qe2 Rh8 12. O-O-O Nf8 13. Rdg1 Bd7 14. f3 a6 15. g4
Qe8 16. Nd1 b5 17. Ne3 bxc4 18. Bb1 a5 19. Nf5+ Bxf5 20. gxf5 N6d7 21. fxg6
Nxg6 22. Rg3 Bf6 23. Rhg1 Ndf8 24. Qxc4 Ra7 25. Qe2 Qb8 26. Qg2 Qe8 27. Bc3 Rh6
28. Qd2 a4 29. a3 Rb7 30. Bd3 Nd7 31. Ba6 Rb6 32. Bc4 Rb8 33. Bf1 Nb6 34. Qe3
Qd7 35. Bd2 Na8 36. Ne6+ fxe6 37. Qxh6+ 1-0

[Event "Monarch Assurance Isle of Man 14th"]
[Site "Port Erin IOM"]
[Date "2005.09.30"]
[Round "7.36"]
[White "Fairbairn, Stephen"]
[Black "Ashton, Adam"]
[Result "1/2-1/2"]
[WhiteElo "2065"]
[BlackElo "2294"]
[PlyCount "92"]
[EventDate "2005.09.24"]
[EventType "swiss"]
[EventRounds "9"]
[EventCountry "IOM"]

1. Nf3 Nf6 2. d4 d5 3. c4 e6 4. g3 Bb4+ 5. Bd2 Be7 6. Bg2 b6 7. O-O Ba6 8. cxd5
exd5 9. Nc3 O-O 10. Rc1 Bb7 11. Bf4 Na6 12. Qb3 Qd7 13. Rfd1 Rfd8 14. Ng5 h6
15. Nf3 Qe6 16. Qc2 c5 17. a3 Ne4 18. dxc5 Nxc3 19. Qxc3 bxc5 20. Qe5 Qd7 21.
Qh5 Bf6 22. Be5 Qe7 23. Bxf6 Qxf6 24. Qe5 Qb6 25. e3 Rac8 26. Qc3 Rd6 27. Qd2
Re8 28. Qc3 Ba8 29. Rd2 Qb8 30. Nh4 g5 31. Rcd1 Red8 32. Nf3 Rb6 33. Ne1 Rbd6
34. Nf3 Qb6 35. Qc2 Nc7 36. Ne5 Ne6 37. Nc4 dxc4 38. Rxd6 Rxd6 39. Rxd6 Qxd6
40. Bxa8 Qe5 41. Qxc4 Qxb2 42. Bd5 Qe5 43. Bxe6 fxe6 44. Qd3 Qg7 45. Qd6 Qa1+
46. Kg2 Qxa3 1/2-1/2

[Event "Monarch Assurance Isle of Man 14th"]
[Site "Port Erin IOM"]
[Date "2005.09.30"]
[Round "7.37"]
[White "Dunn, Andrew"]
[Black "Werner, Gert"]
[Result "1-0"]
[WhiteElo "2197"]
[BlackElo "2047"]
[PlyCount "45"]
[EventDate "2005.09.24"]
[EventType "swiss"]
[EventRounds "9"]
[EventCountry "IOM"]

1. d4 g6 2. e4 Bg7 3. Nf3 c6 4. Nc3 d5 5. Bf4 Bg4 6. exd5 cxd5 7. h3 Bxf3 8.
Qxf3 Nf6 9. Be5 O-O 10. Bxf6 Bxf6 11. Nxd5 Qa5+ 12. c3 Bxd4 13. b4 Bxc3+ 14.
Nxc3 Qxb4 15. Rb1 Qa5 16. Rb5 Qa3 17. Rb3 Qa5 18. Qxb7 Nd7 19. Qxd7 Qe5+ 20.
Be2 Rac8 21. Qd5 Qxd5 22. Nxd5 Rc1+ 23. Bd1 1-0

[Event "Monarch Assurance Isle of Man 14th"]
[Site "Port Erin IOM"]
[Date "2005.09.30"]
[Round "7.38"]
[White "Spanton, Tim"]
[Black "Goodger, Martyn"]
[Result "0-1"]
[WhiteElo "2032"]
[BlackElo "2162"]
[PlyCount "90"]
[EventDate "2005.09.24"]
[EventType "swiss"]
[EventRounds "9"]
[EventCountry "IOM"]

1. e4 e5 2. Nf3 Nf6 3. Nxe5 d6 4. Nc4 Nxe4 5. Bd3 Nc5 6. Be2 d5 7. Ne5 Nbd7 8.
d4 Ne4 9. O-O Bd6 10. Nf3 O-O 11. Nc3 Ndf6 12. Nb5 Bb4 13. Bf4 Ba5 14. c3 c6
15. Na3 Qe7 16. Nb1 Nh5 17. Be3 f5 18. Ne5 Nhf6 19. f3 Nd6 20. Bg5 Bb6 21. Kh1
Nf7 22. Nxf7 Qxf7 23. Bxf6 Qxf6 24. f4 Bc7 25. Na3 Bd6 26. Nc2 a5 27. Qd2 b6
28. Rae1 Bd7 29. g3 Rfd8 30. Bf3 Rac8 31. Re3 h6 {(=)} 32. Ne1 Kh7 33. Nd3 c5
34. dxc5 bxc5 35. Bxd5 c4 36. Ne5 Bb5 37. Nf7 Bc5 38. Nxd8 Bxe3 39. Qxe3 Rxd8
40. Rd1 Rxd5 41. Rxd5 Bc6 42. g4 Bxd5+ 43. Kg1 fxg4 44. b4 axb4 45. cxb4 Qa1+
0-1

[Event "Monarch Assurance Isle of Man 14th"]
[Site "Port Erin IOM"]
[Date "2005.09.30"]
[Round "7.39"]
[White "De Lagontrie, Jean"]
[Black "Ruston, Mark"]
[Result "1-0"]
[WhiteElo "1988"]
[BlackElo "2116"]
[PlyCount "57"]
[EventDate "2005.09.24"]
[EventType "swiss"]
[EventRounds "9"]
[EventCountry "IOM"]

1. d4 d5 2. c4 c6 3. Nf3 Nf6 4. Nc3 dxc4 5. a4 Bf5 6. e3 e6 7. Bxc4 Bb4 8. O-O
O-O 9. Qe2 Bg4 10. Rd1 Bxc3 11. bxc3 Ne4 12. Qc2 Nd6 13. Be2 f5 14. Ba3 Rf6 15.
Bxd6 Qxd6 16. Ne5 Bxe2 17. Qxe2 Nd7 18. f4 Rh6 19. c4 Nf6 20. Qa2 Ne4 21. Rd3
Rd8 22. Rad1 Nf6 23. a5 Rh5 24. Qb3 Rb8 25. d5 exd5 26. cxd5 c5 27. Nc4 Qd8 28.
d6 g5 29. Ne5+ 1-0

[Event "Monarch Assurance Isle of Man 14th"]
[Site "Port Erin IOM"]
[Date "2005.09.30"]
[Round "7.41"]
[White "Heyl, Thomas"]
[Black "Hutchinson, Norman A"]
[Result "1/2-1/2"]
[WhiteElo "2101"]
[BlackElo "2097"]
[PlyCount "82"]
[EventDate "2005.09.24"]
[EventType "swiss"]
[EventRounds "9"]
[EventCountry "IOM"]

1. d4 Nf6 2. Nf3 e6 3. e3 b6 4. Bd3 Bb7 5. Nbd2 c5 6. c3 Nc6 7. O-O d5 8. Ne5
Nxe5 9. dxe5 Nd7 10. f4 Be7 11. Qh5 Qc7 12. c4 g6 13. Qh3 O-O-O 14. cxd5 Bxd5
15. Be4 Qc6 16. Qf3 g5 17. Bxd5 exd5 18. b3 f6 19. exf6 Bxf6 20. Rb1 gxf4 21.
exf4 Rde8 22. Bb2 Kb7 23. Bxf6 Nxf6 24. Rbe1 Rxe1 25. Rxe1 Re8 26. Rxe8 Qxe8
27. Kf1 {(=)} b5 28. g4 Ne4 29. Nxe4 Qxe4 30. Qxe4 dxe4 31. f5 Kc6 32. g5 Kd6
33. g6 hxg6 34. fxg6 Ke6 35. h4 Kf6 36. h5 c4 37. bxc4 bxc4 38. Ke2 c3 39. a4
a5 40. Ke3 Kg7 41. Ke2 Kf6 1/2-1/2

[Event "Monarch Assurance Isle of Man 14th"]
[Site "Port Erin IOM"]
[Date "2005.09.30"]
[Round "7.42"]
[White "Fox, Pierre"]
[Black "Wademark, Helge"]
[Result "0-1"]
[WhiteElo "1815"]
[BlackElo "2182"]
[PlyCount "106"]
[EventDate "2005.09.24"]
[EventType "swiss"]
[EventRounds "9"]
[EventCountry "IOM"]

1. c4 c6 2. d4 d5 3. Nf3 Nf6 4. Qc2 g6 5. Bf4 Bg7 6. e3 O-O 7. Nc3 a6 8. c5
Nbd7 9. h3 Re8 10. g4 Nf8 11. Be2 N6d7 12. O-O-O f6 13. Bg3 e5 14. e4 exd4 15.
Nxd4 dxe4 16. Nxe4 Qa5 17. Bc4+ Kh8 18. Bd6 Ne5 19. Nb3 Qa4 20. Be2 Be6 21. Nc3
Qf4+ 22. Nd2 Nfd7 23. Qe4 Bh6 24. h4 Bxg4 25. Bxg4 Qxe4 26. Ncxe4 Nxg4 27. f4
f5 28. Rhg1 Bg7 29. Ng5 h6 30. Ngf3 Bf6 31. Nc4 Re4 32. Na5 Ra4 33. Nb3 Kg7 34.
Nbd4 Kf7 35. h5 Rxa2 36. hxg6+ Kxg6 37. Ne5+ Ndxe5 38. fxe5 Ra1+ 39. Kc2 Rxd1
40. Kxd1 Bg5 41. Ke2 Re8 42. Nf3 h5 43. Kd3 h4 44. Ke2 Kh5 45. Rh1 Nf6 46. Nxg5
Kxg5 47. Kf3 Ng4 48. Re1 Re6 49. b4 h3 50. Bf8 Rxe5 51. Rxe5 Nxe5+ 52. Kg3 f4+
53. Kxh3 Nd3 0-1

[Event "Monarch Assurance Isle of Man 14th"]
[Site "Port Erin IOM"]
[Date "2005.09.30"]
[Round "7.43"]
[White "Martin, Katie"]
[Black "Fox, Anthony"]
[Result "0-1"]
[WhiteElo "1953"]
[BlackElo "2118"]
[PlyCount "34"]
[EventDate "2005.09.24"]
[EventType "swiss"]
[EventRounds "9"]
[EventCountry "IOM"]

1. e4 e5 2. Nf3 Nc6 3. Nc3 Nf6 4. d4 exd4 5. Nxd4 Bb4 6. Nxc6 bxc6 7. Bd3 O-O
8. O-O d5 9. exd5 cxd5 10. Bg5 c6 11. Qf3 Bd6 12. h3 Rb8 13. Nd1 h6 14. Bh4 Rb4
15. c4 dxc4 16. a3 Rb3 17. Bxf6 gxf6 0-1

[Event "Monarch Assurance Isle of Man 14th"]
[Site "Port Erin IOM"]
[Date "2005.09.30"]
[Round "7.44"]
[White "Nicholson, John"]
[Black "Bennion, David A"]
[Result "0-1"]
[WhiteElo "2000"]
[BlackElo "2074"]
[PlyCount "46"]
[EventDate "2005.09.24"]
[EventType "swiss"]
[EventRounds "9"]
[EventCountry "IOM"]

1. e4 e6 2. d4 d5 3. e5 c5 4. c3 Nc6 5. Nf3 Qb6 6. a3 Nh6 7. Bd3 Bd7 8. dxc5
Bxc5 9. Qe2 Ng4 10. Rf1 f6 11. exf6 Nxf6 12. b4 Bd6 13. c4 dxc4 14. Bxc4 O-O-O
15. Nc3 e5 16. Nb5 Nd4 17. Nfxd4 exd4 18. Qd3 Rhe8+ 19. Kd1 Kb8 20. g3 Ne4 21.
f3 Nc3+ 22. Nxc3 dxc3 23. Ra2 Ba4+ 0-1